000 00853cab a2200241 4500
001 ABS56464
008 090401t1997 xxu||||| |||| 00| 0 eng d
035 _a(Sirsi) u23809
041 _aeng
100 _aMoore, L.
245 _aPutting all pollution on the record
260 _c1997
350 _a0
490 _aProperty Week
_v58(4) 31 January 1997, 27(1)
520 _aVoices concerns over the soon to be introduced land contamination registers which local authorities are required to maintain. Specific problems relate to incomplete registers and the time it may take to include some sites.
650 _aCONTAMINATED LAND REGISTERS
650 _aCONTAMINATED LAND
650 _aENVIRONMENTAL PROTECTION ACT 1990 S78R
650 _aREMEDIATION
690 _aENVIRONMENTAL AND LAND CONSULTANCY
942 _n0
948 _c04/03/1997
999 _c15940
_d15940